Cooperatives in agriculture / (Record no. 19103)
[ view plain ]
| 000 -LEADER | |
|---|---|
| fixed length control field | 00391cam a2200145 a 4500 |
| 020 ## - INTERNATIONAL STANDARD BOOK NUMBER | |
| ISBN | 0131724614 |
| 040 ## - CATALOGING SOURCE | |
| Transcribing agency | DLC |
| 082 0# - DEWEY DECIMAL CLASSIFICATION NUMBER | |
| Classification number | 334 PRE 1989 C161 Or. |
| 245 00 - TITLE STATEMENT | |
| Title | Cooperatives in agriculture / |
| 260 ## - PUBLICATION, DISTRIBUTION, ETC. (IMPRINT) | |
| Place of publication | Englewood Cliffs, NJ : |
| Name of publisher | Prentice-Hall, |
| Year of publication | c1989. |
| 300 ## - PHYSICAL DESCRIPTION | |
| Number of Pages | xvi, 445 p. : |
| Other physical details | ill. ; |
| Dimensions | 24 cm. |
| 650 #0 - SUBJECT ADDED ENTRY--TOPICAL TERM | |
| Topical Term | Agriculture, Cooperative. |
| 700 1# - ADDED ENTRY--PERSONAL NAME | |
| Personal name | Cobia, David W. |
| 942 ## - ADDED ENTRY ELEMENTS (KOHA) | |
| Koha item type | ADB |
| 952 ## - LOCATION AND ITEM INFORMATION (KOHA) | |
| Withdrawn status [LOCAL, KOHA] | 0 |
| Source of acquisition | Permanent Location | Date acquired | Koha item type | Lost status | Shelving location | Current Location | Full call number |
|---|---|---|---|---|---|---|---|
| A37133 | Library Block C | 2020-03-11 | សៀវភៅភាសាអង់គ្លេស | C161 | Library Block C | 334 PRE 1989 C161 Or. |